[Event "GER-ch U10"]
[Site "Willingen"]
[Date "2019.06.13"]
[Round "8"]
[White "Bruegmann, Nick"]
[Black "Barthel, Jacob"]
[Result "1-0"]
[WhiteElo "1415"]
[BlackElo "1150"]
[PlyCount "51"]
[EventDate "2019.06.08"]
[EventType "swiss"]
[EventRounds "11"]
[EventCountry "GER"]
[SourceTitle "CBM 191 Extra"]
[Source "ChessBase"]
[SourceDate "2019.09.30"]
[SourceVersion "1"]
[SourceVersionDate "2019.09.30"]
[SourceQuality "1"]

1. e4 e5 2. Nf3 Nc6 3. Bc4 Bc5 4. c3 Nf6 5. d3 0-0 6. 0-0 d5 7. exd5 Nxd5 8. Bg5 Be7 9. Bxe7 Ndxe7 10. Re1 Bg4 11. h3 Bh5 12. g4 Bg6 13. Nxe5 Nxe5 14. Rxe5 Nc6 15. Re1 Qh4 16. Qf3 Rfe8 17. Na3 a6 18. d4 Na5 19. Bf1 f6 20. Qd5+ Bf7 21. Rxe8+ Rxe8 22. Qxa5 b6 23. Qxa6 Qg5 24. Qb5 Qf4 25. Bc4 Bxc4 26. Qxe8# 1-0

[Event "GER-ch U10"]
[Site "Willingen"]
[Date "2019.06.09"]
[Round "1"]
[White "Bruegmann, Nick"]
[Black "Sommer, Justus"]
[Result "1/2-1/2"]
[WhiteElo "1415"]
[BlackElo "1684"]
[PlyCount "140"]
[EventDate "2019.06.08"]
[EventType "swiss"]
[EventRounds "11"]
[EventCountry "GER"]
[SourceTitle "CBM 191 Extra"]
[Source "ChessBase"]
[SourceDate "2019.09.30"]
[SourceVersion "1"]
[SourceVersionDate "2019.09.30"]
[SourceQuality "1"]

1. e4 e5 2. Nf3 Nc6 3. Bc4 Bc5 4. c3 Nf6 5. d3 d6 6. a4 a5 7. h3 Be6 8. Bb3 Qd7 9. Nbd2 h6 10. Bxe6 Qxe6 11. 0-0 0-0 12. Re1 Bb6 13. Nc4 Ba7 14. Be3 Rfe8 15. Bxa7 Rxa7 16. Na3 Raa8 17. Nb5 Qd7 18. Qc2 d5 19. exd5 Nxd5 20. d4 exd4 21. Nbxd4 Rad8 22. Rxe8+ Rxe8 23. Rd1 Nxd4 24. Nxd4 c6 25. Nb3 Qc7 26. Nd4 Nf6 27. b4 Nd5 28. b5 cxb5 29. Nxb5 Qc5 30. Qf5 Rd8 31. Qe4 f5 32. Qe6+ Kh8 33. Qxf5 Qc6 34. Qf3 Rd7 35. Qf8+ Kh7 36. Qf5+ g6 37. Qe5 Nb6 38. Rxd7+ Qxd7 39. Qd6 Qc6 40. Qd4 Nd5 41. c4 Nb6 42. c5 Nd7 43. Qd2 Nxc5 44. Qxa5 h5 45. Qb4 Qd5 46. Nc3 Qe5 47. Nb5 Qa1+ 48. Kh2 Qe5+ 49. g3 Qf5 50. Qd4 b6 51. Nc3 Nd7 52. Nd5 Ne5 53. Qf4 Nf3+ 54. Kg2 Ne1+ 55. Kf1 Qxh3+ 56. Kxe1 Qh1+ 57. Ke2 Qxd5 58. Qc7+ Kh6 59. Qxb6 Qa2+ 60. Kf1 Qxa4 61. Qe3+ Kg7 62. Qe7+ Kg8 63. Qe6+ Kh7 64. Qf7+ Kh6 65. Qf8+ Kg5 66. Qe7+ Kf5 67. Qf7+ Kg5 68. Qe7+ Kf5 69. Qf7+ Kg5 70. Qe7+ Kf5 1/2-1/2